[Event "Mittelrhein Verbandsliga-S 17/18"]
[Site "Nordrheinwestfalen"]
[Date "2017.11.12"]
[Round "4.4"]
[White "Schniggenberg, Gerd"]
[Black "Schueler, Hans Ulrich"]
[Result "0-1"]
[WhiteElo "1911"]
[BlackElo "1865"]
[PlyCount "176"]
[EventDate "2017.09.10"]
[EventType "team-tourn"]
[EventRounds "11"]
[EventCountry "GER"]
[SourceTitle "EXT 2022"]
[Source "ChessBase"]
[SourceDate "2021.10.06"]
[SourceVersion "1"]
[SourceVersionDate "2021.10.06"]
[SourceQuality "1"]
[WhiteTeam "Godesberg III"]
[BlackTeam "Satranc Club"]
[WhiteTeamCountry "GER"]
[BlackTeamCountry "GER"]

1. e4 d5 2. exd5 Nf6 3. d4 Nxd5 4. Nf3 c6 5. h3 Bf5 6. Bd3 Bxd3 7. Qxd3 e6 8. 0-0 Nd7 9. c4 N5f6 10. Bf4 Be7 11. Nc3 0-0 12. Rfd1 Qa5 13. a3 Qh5 14. b4 Rac8 15. Ne5 g5 16. Qg3 h6 17. h4 Qxh4 18. Qxh4 gxh4 19. Bxh6 Rfe8 20. f3 Nf8 21. Bg5 Nh5 22. Be3 f6 23. Nd3 Ng3 24. Nf4 Kf7 25. Kf2 Bd6 26. Nfe2 Nf5 27. Ne4 Bb8 28. Rd3 Ng6 29. Rad1 b6 30. Rb1 Rcd8 31. Rbd1 Rg8 32. d5 cxd5 33. cxd5 exd5 34. Rxd5 Rxd5 35. Rxd5 Ke6 36. Rd2 Nxe3 37. Kxe3 Ne5 38. Nf4+ Kf5 39. Rc2 Nxf3 40. Kxf3 Bxf4 41. a4 Rd8 42. Nf2 Rd4 43. Rb2 Bg3 44. Ke3 Rc4 45. Nd3 Bf4+ 46. Ke2 Re4+ 47. Kf2 Kg4 48. a5 Bg3+ 49. Kf1 Kf5 50. axb6 axb6 51. Rb1 Re3 52. Nf2 Bxf2 53. Kxf2 Rd3 54. b5 Ke4 55. Rh1 Rd2+ 56. Ke1 Rxg2 57. Rxh4+ Ke5 58. Rh5+ Rg5 59. Rh4 Kd6 60. Rf4 Re5+ 61. Kd2 f5 62. Rb4 Kc5 63. Rb1 Kc4 64. Rc1+ Kxb5 65. Kd3 Rc5 66. Rb1+ Kc6 67. Kd4 Rd5+ 68. Kc3 Kc5 69. Rh1 b5 70. Rh8 Kd6 71. Re8 Kd7 72. Rh8 Ke6 73. Re8+ Kf6 74. Rg8 Ke5 75. Rg1 Ke4 76. Re1+ Kf3 77. Rf1+ Ke2 78. Rf4 Ke3 79. Rf1 f4 80. Re1+ Kf2 81. Re8 f3 82. Rg8 Kf1 83. Rg7 f2 84. Rg8 Re5 85. Kd2 Rd5+ 86. Kc3 Rf5 87. Kd2 b4 88. Rb8 Kg2 0-1